000 00452nam a2200181Ia 4500
001 8554
005 20260306160618.0
008 260306t2015||||xx |||||||||||||| ||spa||
041 _aESP
082 _a372.104
_bL34
100 _aLebrero Baena, M. Paz
_eAUT
245 0 _aLectoescritura:
_bfundamentos y estrategias didácticas
260 _c2015
300 _a275 páginas :
_c23 cm.
650 _aGEN
654 _aCED
942 _cLIB
_dJUS
_fJUS
_2ddc
_n
999 _c8554
_d8554